Higher secondary sociology (for second year) (Record no. 8441)

MARC details
000 -LEADER
fixed length control field 00580cam a2200217ua 4500
008 - FIXED-LENGTH DATA ELEMENTS--GENERAL INFORMATION
fixed length control field 150821n ii |||gr||||Z||||||eng
020 ## - INTERNATIONAL STANDARD BOOK NUMBER
International Standard Book Number 8173394040
040 ## - CATALOGING SOURCE
Transcribing agency MAIN
041 ## - LANGUAGE CODE
-- eng
082 ## - DEWEY DECIMAL CLASSIFICATION NUMBER
Classification number 301
100 ## - MAIN ENTRY--PERSONAL NAME
Personal name Ahmed, Gyasuddin,
Relator term
245 10 - TITLE STATEMENT
Title Higher secondary sociology (for second year)
Statement of responsibility, etc. by Gyasuddin Ahmed
250 ## - EDITION STATEMENT
Edition statement 2nd rev. ed.
260 ## - PUBLICATION, DISTRIBUTION, ETC.
Place of publication, distribution, etc. Dibrugarh:
Name of publisher, distributor, etc. Banalata,
Date of publication, distribution, etc. 2008.
300 ## - PHYSICAL DESCRIPTION
Extent 176p.
700 ## - ADDED ENTRY--PERSONAL NAME
Personal name Saikia, Jyotiprasad,
Relator term
700 ## - ADDED ENTRY--PERSONAL NAME
Personal name Borgohain, Himanta,
Relator term
942 ## - ADDED ENTRY ELEMENTS (KOHA)
Koha item type Books
653 ## - INDEX TERM--UNCONTROLLED
Uncontrolled term Sociology & anthropology
Holdings
Withdrawn status Lost status Damaged status Not for loan Home library Current library Date acquired Total Checkouts Full call number Barcode Date last seen Copy number Price effective from Koha item type Source of classification or shelving scheme Collection code Shelving location Cost, normal purchase price Date last checked out
        Central Library, Naharkatiya College Central Library, Naharkatiya College 19/09/2020   301 | AHM 18690 19/09/2020 1 19/09/2020 Books          
        Central Library, Naharkatiya College Central Library, Naharkatiya College 15/11/2021 8 301 18688 10/10/2022 2 15/11/2021 Books Dewey Decimal Classification Sociology General Stacks 90.00 26/09/2022

Naharkatiya College © 2020. All rights reserved.

Powered By